[Event "Cappelle Online (Women) op"]
[Site "Europe Echecs INT"]
[Date "2021.03.08"]
[Round "1"]
[White "Dauletova, Gulmira"]
[Black "Petitjean, Mathilde"]
[Result "1-0"]
[WhiteElo "2285"]
[BlackElo "1573"]
[PlyCount "39"]
[EventDate "2021.03.08"]
[EventType "swiss (blitz)"]
[EventRounds "11"]
[EventCountry "FRA"]
[SourceTitle "CBM 201 Extra"]
[Source "ChessBase"]
[SourceDate "2021.05.31"]
[SourceVersion "1"]
[SourceVersionDate "2021.05.31"]
[SourceQuality "1"]

1. e4 e5 2. Nf3 Nc6 3. Bb5 Qf6 4. 0-0 Bc5 5. Nc3 Nge7 6. d3 0-0 7. a3 a6 8. Bc4 b5 9. Ba2 d6 10. Nd5 Qg6 11. Nxc7 Ra7 12. Nd5 Bg4 13. c3 Kh8 14. b4 Bb6 15. Nxb6 f5 16. Nh4 Qh5 17. f3 Qxh4 18. fxg4 fxg4 19. Rxf8+ Ng8 20. Rxg8# 1-0

[Event "Cappelle Online (Women) op"]
[Site "Europe Echecs INT"]
[Date "2021.03.08"]
[Round "3"]
[White "Petitjean, Mathilde"]
[Black "Skuhala, Barbara"]
[Result "1/2-1/2"]
[WhiteElo "1573"]
[BlackElo "2077"]
[PlyCount "139"]
[EventDate "2021.03.08"]
[EventType "swiss (blitz)"]
[EventRounds "11"]
[EventCountry "FRA"]
[SourceTitle "CBM 201 Extra"]
[Source "ChessBase"]
[SourceDate "2021.05.31"]
[SourceVersion "1"]
[SourceVersionDate "2021.05.31"]
[SourceQuality "1"]

1. e4 c5 2. c3 d5 3. exd5 Qxd5 4. Nf3 e6 5. Na3 a6 6. Bc4 Qd8 7. Nc2 Nf6 8. d4 cxd4 9. Ncxd4 Be7 10. Bf4 0-0 11. 0-0 b5 12. Bb3 Bb7 13. Qe2 Nd5 14. Bg3 Kh8 15. Rad1 Qc8 16. Rfe1 Nd7 17. Nxe6 fxe6 18. Qxe6 Nc5 19. Qxc8 Raxc8 20. Bxd5 Bxd5 21. Rxd5 Bf6 22. Bd6 Na4 23. Bxf8 Rxf8 24. Re2 h6 25. Rd6 Ra8 26. Ne5 Kh7 27. Nd7 Bg5 28. Nb6 Nxb6 29. Rxb6 Bf6 30. g3 Ra7 31. Kg2 h5 32. Kf3 h4 33. Kg4 hxg3 34. hxg3 Kg6 35. f4 Kh7 36. Rh2+ Kg8 37. Kf5 Kf7 38. g4 Bd8 39. g5 Bxb6 40. g6+ Kg8 41. Ke6 Bd8 42. f5 Re7+ 43. Kd6 Re1 44. Rf2 Bf6 45. Kc6 Rd1 46. Kb6 Rd6+ 47. Kc5 Rd8 48. Kb4 Ra8 49. a4 bxa4 50. Kxa4 Kf8 51. c4 Rb8 52. b3 Ke7 53. Rd2 a5 54. Rd5 Rb4+ 55. Kxa5 Rxb3 56. c5 Rc3 57. Kb4 Rc1 58. Kb5 Bg5 59. c6 Rb1+ 60. Ka6 Bf6 61. c7 Rc1 62. Kb7 Rb1+ 63. Kc8 Rc1 64. Rd7+ Ke8 65. Rd5 Ke7 66. Kb7 Rb1+ 67. Ka6 Rc1 68. Kb6 Rb1+ 69. Kc6 Rc1+ 70. Kb7 1/2-1/2

[Event "Cappelle Online (Women) op"]
[Site "Europe Echecs INT"]
[Date "2021.03.08"]
[Round "6"]
[White "Toulemont, Anouk"]
[Black "Petitjean, Mathilde"]
[Result "1-0"]
[WhiteElo "1476"]
[BlackElo "1573"]
[PlyCount "47"]
[EventDate "2021.03.08"]
[EventType "swiss (blitz)"]
[EventRounds "11"]
[EventCountry "FRA"]
[SourceTitle "CBM 201 Extra"]
[Source "ChessBase"]
[SourceDate "2021.05.31"]
[SourceVersion "1"]
[SourceVersionDate "2021.05.31"]
[SourceQuality "1"]

1. e4 e5 2. Nf3 Nc6 3. d4 exd4 4. Bc4 Bc5 5. c3 dxc3 6. Bxf7+ Kf8 7. Bc4 d6 8. Nxc3 Bg4 9. 0-0 Qf6 10. Be2 Bxf3 11. Bxf3 Ne5 12. Be2 Ne7 13. Be3 Bb6 14. Bxb6 axb6 15. f4 Nf7 16. e5 Qg6 17. Rf3 Ke8 18. f5 Qg5 19. Rg3 Qxf5 20. exd6 Nxd6 21. Qd2 Rd8 22. Qe1 g6 23. Bf3 Kd7 24. Bg4 1-0

[Event "Trophee Roza Lallemand Online"]
[Site "Tornelo INT"]
[Date "2020.12.13"]
[Round "2"]
[White "Petitjean, Mathilde"]
[Black "Tomasi, Elise"]
[Result "0-1"]
[WhiteElo "1573"]
[BlackElo "2030"]
[PlyCount "42"]
[EventDate "2020.12.13"]
[EventType "swiss (rapid)"]
[EventRounds "9"]
[EventCountry "USA"]
[SourceTitle "EXT 2022"]
[Source "ChessBase"]
[SourceDate "2021.10.06"]
[SourceVersion "1"]
[SourceVersionDate "2021.10.06"]
[SourceQuality "1"]

1. e4 c5 2. c3 d5 3. Qf3 dxe4 4. Qxe4 Nc6 5. Bb5 Bd7 6. Nf3 Nf6 7. Qc2 e6 8. 0-0 Bd6 9. Rd1 a6 10. Bxc6 Bxc6 11. Ne1 Qc7 12. g3 e5 13. Qf5 0-0 14. d4 Be4 15. Qg5 h6 16. Qe3 exd4 17. cxd4 Rfe8 18. dxc5 Bxc5 19. Qc3 Nd5 20. Qc4 Bxf2+ 21. Kxf2 Qxc4 0-1